Míľniky práva v stredoeurópskom priestore 2013 zborník z medzinárodnej vedeckej konferencie doktorandov a mladých vedeckých pracovníkov organizovanej Univerzitou Komenského v Bratislave, Právnickou fakultou, v dňoch 21.-23.3.2013 v priestoroch ÚZ NR SR Častá-Papiernička pod záštitou dekana Univerzity Komenského v Bratislave, Právnickej fakulty, prof. JUDr. Pavla Kubíčka, CSc. I. časť
| Corporate Author: | |
|---|---|
| Other Authors: | , , , , , , , , , |
| Format: | Conference Proceeding Book |
| Language: | Slovak Czech English |
| PhysicalDescription: | S. 5-701 grafy, tab. 25 cm |
| Published: |
Bratislava
Univerzita Komenského, Právnická fakulta
2013
|
| ISBN: | 9788071603689 (brož.) |
| Edition: | 1. vyd. |
| Series: | Sympóziá, kolokviá, konferencie
|
| Subjects: |
MARC
| LEADER | 00000nam a2200000 a 4500 | ||
|---|---|---|---|
| 001 | vtls010593153 | ||
| 003 | SK-MaSNL | ||
| 005 | 20260302052156.0 | ||
| 008 | 250414s2013 xo da f 100 0 slo | ||
| 015 | |a SNBA2014/06 | ||
| 020 | |a 9788071603689 (brož.) | ||
| 035 | |a e1d60472-374e-481e-8139-f4c153a0b121 | ||
| 035 | |a urn:nbn:sk:snk-amjt6p | ||
| 035 | |a urn:nbn:sk:snk:ar-a0aq3v | ||
| 040 | |a SNK |b slo |c SNK |e AACR2 | ||
| 041 | 0 | |a slo |a cze |a eng |b cze |b eng | |
| 043 | |a ec----- | ||
| 044 | |a xo |c SK | ||
| 072 | 7 | |a 34 |x Právo |2 konspekt | |
| 080 | |a 34 |2 2001 | ||
| 080 | |a (062.534) |2 2001 | ||
| 080 | |a (4-191.2) |2 2001 | ||
| 111 | 2 | |a Miľníky práva v stredoeurópskom priestore |n (7. : |d 2013 : |c Častá-Papiernička, Slovensko) |9 708692 | |
| 245 | 0 | 0 | |a Míľniky práva v stredoeurópskom priestore 2013 |b zborník z medzinárodnej vedeckej konferencie doktorandov a mladých vedeckých pracovníkov organizovanej Univerzitou Komenského v Bratislave, Právnickou fakultou, v dňoch 21.-23.3.2013 v priestoroch ÚZ NR SR Častá-Papiernička pod záštitou dekana Univerzity Komenského v Bratislave, Právnickej fakulty, prof. JUDr. Pavla Kubíčka, CSc. |n I. časť |c [zostavovatelia: Zuzana Kiselyová ... [et al.]] |
| 246 | 1 | 1 | |a Milestones of law in the area of Central Europe 2013 |
| 250 | |a 1. vyd. | ||
| 260 | |a Bratislava |b Univerzita Komenského, Právnická fakulta |c 2013 | ||
| 300 | |a S. 5-701 |b grafy, tab. |c 25 cm | ||
| 490 | 1 | |a Sympóziá, kolokviá, konferencie | |
| 504 | |a Bibliogr. ; bibliogr. odkazy ; pozn. | ||
| 546 | |a Text aj v angl. a češ. Res. angl., čes. a slov. | ||
| 650 | 0 | 7 | |a právo |2 SNKPH |9 976 |
| 650 | 0 | 7 | |a Law |2 SNKPH |9 265417 |
| 651 | 7 | |a Európa stredná |2 SNKPH |9 23970 | |
| 651 | 7 | |a Europe, Central |2 SNKPHeng |9 98219 | |
| 655 | 7 | |a zborníky konferencií |2 SNKPH |9 70153 | |
| 655 | 7 | |a Proceedings of conferences |2 SNKPHeng |9 265791 | |
| 655 | 7 | |a issue_zb |2 SNK |9 276493 | |
| 700 | 1 | |a Hamuľáková, Zuzana, |d 1987- |4 com |9 251211 | |
| 700 | 1 | |a Vranková, Eva |4 com |9 664175 | |
| 700 | 1 | |a Mlkvý, Matej, |d 1986- |4 com |9 174050 | |
| 700 | 1 | |a Čunderlík Čerbová, Veronika, |d 1987- |4 com |9 159948 | |
| 700 | 1 | |a Freel, Lenka, |d 1988- |4 com |9 218944 | |
| 700 | 1 | |a Minčič, Vladimír, |d 1986- |4 com |9 230368 | |
| 700 | 1 | |a Lukáčka, Peter, |d 1986- |4 com |9 205395 | |
| 700 | 1 | |a Elzerová, Jana |4 com |9 708693 | |
| 700 | 1 | |a Kováčiková, Jana |4 com |9 663199 | |
| 700 | 1 | |a Sombati, Ján, |d 1988- |4 com |9 198497 | |
| 810 | 2 | |a Univerzita Komenského v Bratislave. |b Právnická fakulta |t Sympóziá, kolokviá, konferencie |9 176501 | |
| 852 | |a Slovenská národná knižnica | ||
| 919 | |a 978-80-7160-368-9 | ||
| 954 | |a odborná, vedecká literatúra pôvodná (slovenská) |2 lita | ||
| 954 | |a odborná, vedecká literatúra cudzojazyčná (svetová) |2 lita | ||
| 958 | |a ART | ||
| 958 | |a NB | ||
| 958 | |a OND | ||
| 999 | |c 1104113 |d 1106043 | ||
| 952 | |a SNK |b SNK |y PREZ |7 0 |p 17A1108904 |o snkSC 159246/1 |i snk2014/10059 |8 0 |0 0 |1 0 |4 0 |d 2014-04-24 |l 0 |r 2025-08-21 00:00:00 |w 2026-02-24 | ||
| 952 | |a SNK |b SNK |y VYP |7 0 |p 17A1108905 |o snkSC 159246/1 D1 |i snk2014/10060 |8 0 |0 0 |1 0 |4 0 |d 2014-04-24 |l 0 |r 2026-02-24 17:40:47 |w 2026-02-24 | ||
| 952 | |a SNK |b SNK |y PREZ |7 0 |p 17A1108906 |o snkSC 159246/2 |i snk2014/10063 |8 0 |0 0 |1 0 |4 0 |d 2014-04-24 |l 0 |r 2025-08-21 00:00:00 |w 2026-02-24 | ||
| 952 | |a SNK |b SNK |y VYP |7 0 |p 17A1108907 |o snkSC 159246/2 D1 |i snk2014/10064 |8 0 |0 0 |1 0 |4 0 |d 2014-04-24 |l 0 |r 2026-02-24 17:40:47 |w 2026-02-24 | ||


